Country by Official Language - Unique Official Languages - Statistics

General Stats
  • This quiz has been taken 18 times
  • The average score is 12 of 15
Answer Stats
Hint Answer % Correct
Icelandic Iceland
100%
Burmese Myanmar
100%
Māori New Zealand
100%
Khmer Cambodia
93%
Catalan Andorra
87%
Tagalog Philippines
87%
Sinhala Sri Lanka
87%
Romansh Switzerland
87%
Amharic Ethiopia
80%
Gilbertese Kiribati
80%
Malagasy Madagascar
80%
Kinyarwanda Rwanda
73%
Dzongkha Bhutan
67%
Bambara Mali
53%
Tok Pisin Papua New Guinea
53%
No matching quizzes found
Score Distribution
Percent of People with Each Score
Percentile by Number Answered
Your Score History
You have not taken this quiz